Brazilian obsession / (Record no. 5370)

MARC details
000 -LEADER
fixed length control field 00673nam a2200193 a 4500
003 - CONTROL NUMBER IDENTIFIER
control field PILC
005 - DATE AND TIME OF LATEST TRANSACTION
control field 20241119161713.0
008 - FIXED-LENGTH DATA ELEMENTS--GENERAL INFORMATION
fixed length control field 070104s1978 xx 00 eng d
010 ## - LIBRARY OF CONGRESS CONTROL NUMBER
LC control number Acc#14348,29160
040 ## - CATALOGING SOURCE
Transcribing agency Philippine Baptist Theological Seminary
050 ## - LIBRARY OF CONGRESS CALL NUMBER
Classification number BV 2853 .B5
Item number R397 1978
100 10 - MAIN ENTRY--PERSONAL NAME
Personal name Richardson, William L. C.
245 10 - TITLE STATEMENT
Title Brazilian obsession /
Statement of responsibility, etc. William L. C. Richardson.
260 0# - PUBLICATION, DISTRIBUTION, ETC (IMPRINT)
Place of publication, distribution, etc. Nashville, TN :
Name of publisher, distributor, etc. Convention Press,
Date of publication, distribution, etc. c1978.
300 ## - PHYSICAL DESCRIPTION
Extent 111 p. ; 20 cm.
505 ## - FORMATTED CONTENTS NOTE
Formatted contents note To tell others -- To edify the local church -- To open New work -- To further the cause -- To reach the uttermost parts --
650 ## - SUBJECT ADDED ENTRY--TOPICAL TERM
Topical term or geographic name as entry element MISSIONS
General subdivision BRAZIL
942 ## - ADDED ENTRY ELEMENTS (KOHA)
Koha item type Circulation Books
Source of classification or shelving scheme Library of Congress Classification
Holdings
Withdrawn status Lost status Source of classification or shelving scheme Damaged status Not for loan Home library Current library Shelving location Date acquired Total Checkouts Full call number Barcode Date last seen Price effective from Koha item type
    Dewey Decimal Classification     PBTS Library PBTS Library Circulation Section 01/04/2007   BV 2853 .B5 R397 1978 14348 03/18/2026 04/02/2015 Circulation Books
    Dewey Decimal Classification     PBTS Library PBTS Library Circulation Section 01/04/2007   BV 2853 .B5 R397 1978 29160 03/18/2026 04/02/2015 Circulation Books

Philippine Baptist Theological Seminary | 19 Tacay Road, Central Guisad, Baguio City 2600, Philippines